00607nam a2200169 a 45000010005000000030005000050050017000100080041000270200018000680400026000861000028001122450095001402600126002353000011003615000019003726500046003915001CDMR20130521181731.0130130s2007||||sp |||||||||||||||||spa|d a9788498600032 aCDMRbcatcCPC GIRONA1 aPeñafiel Saiz, Carmen10aTransformaciones de la radio y la televisión en EuropacCarmen Peñafiel Saiz (editora) aBilbaobServicio Editorial de laUniversidad del País Vasco. Euskal Herriko Unibertsitatea Argitalpen ZerbitzuacDL 2007 a213 p. a(fotocòpies)04aMitjans de comunicació de massazEuropa